<?xml version="1.0" encoding="UTF-8"?>
<collection xmlns="http://www.loc.gov/MARC21/slim">
 <record>
  <leader>     na                 </leader>
  <controlfield tag="001">INLIS000000001163153</controlfield>
  <controlfield tag="005">20230606105118</controlfield>
  <datafield tag="035" ind1=" " ind2=" ">
   <subfield code="a">0010-0423000003</subfield>
  </datafield>
  <controlfield tag="007">ta</controlfield>
  <controlfield tag="008">230606                g          0 ind  </controlfield>
  <datafield tag="020" ind1=" " ind2=" ">
   <subfield code="a">978-623-400-382-6</subfield>
  </datafield>
  <datafield tag="082" ind1=" " ind2=" ">
   <subfield code="a">154.2</subfield>
  </datafield>
  <datafield tag="084" ind1=" " ind2=" ">
   <subfield code="a">SR 154.2 ATK k</subfield>
  </datafield>
  <datafield tag="100" ind1="0" ind2=" ">
   <subfield code="a">Atkinson, William</subfield>
   <subfield code="e">penulis</subfield>
  </datafield>
  <datafield tag="245" ind1="1" ind2=" ">
   <subfield code="a">Kekuatan pikiran bawah sadar :</subfield>
   <subfield code="b">rahasia membangkitkan /</subfield>
   <subfield code="c">William Atkinson;penyunting, Nindya Ferrtikasari;penerjemah, Wiji Seto</subfield>
  </datafield>
  <datafield tag="250" ind1=" " ind2=" ">
   <subfield code="a">Cetakan pertama, Februari 2023</subfield>
  </datafield>
  <datafield tag="300" ind1=" " ind2=" ">
   <subfield code="a">442 halaman :</subfield>
   <subfield code="b">ilus ;</subfield>
   <subfield code="c">22 cm</subfield>
  </datafield>
  <datafield tag="650" ind1=" " ind2="4">
   <subfield code="a">Bawah sadar</subfield>
  </datafield>
  <datafield tag="650" ind1=" " ind2="4">
   <subfield code="a">Pikiran dan pemikiran</subfield>
  </datafield>
  <datafield tag="700" ind1="0" ind2=" ">
   <subfield code="a">Nindya Ferrtikasari</subfield>
   <subfield code="e">penyunting</subfield>
  </datafield>
  <datafield tag="700" ind1="0" ind2=" ">
   <subfield code="a">Wiji Seto</subfield>
   <subfield code="e">penerjemah</subfield>
  </datafield>
  <datafield tag="520" ind1=" " ind2=" ">
   <subfield code="a">Saya ingin mengajak Anda untuk mempertimbangkan prinsip yang hebat dari Alam, Kekuatan Alam yang hebat, sesuatu hal yang mewujudkan aktivitasnya dalam fenomena dari Pemikiran Dinamis. Suatu hal yang hebat ini saya sebut dengan “kekuatan pikiran.” Kekuatan Pikiran adalah kekuatan hidup yang nyata dan aktual. Kekuatan Pikiran adalah kekuatan yang menyebabkan tumbuhan untuk tumbuh; yang menyebabkan tubuh hewan semakin bertumbuh; dan yang memungkinkan manusia untuk melakukan aktivitas mereka melalui gerakan dan tindakan. Kekuatan Pikiran bukanlah sesuatu hal yang abstrak atau spekulatif belaka.&#13;
&#13;
&#13;
&#13;
Saya percaya bahwa aktivitas-aktivitas dari prinsip mental dinamis berhubungan erat dengan kenyataan dari operasi mental yang kita kenal sebagai keinginan, kehendak, dan imajinasi. Kita harus belajar sesuatu dari aturan dan prinsip dan cara operasi dari energi-energi dan aktivitas-aktivitasnya. Saat kami melanjutkan tentang pertimbangan kami tentang itu, pada tulisan ini. Hal ini mungkin akan sulit untuk Anda memahami konsep dari kekuatan pikiran ini saat baru mulai. Tetapi hal itu akan tumbuh pada pemahaman Anda seiring aktivitas-aktivitasnya di tunjukan pada Anda, secara bertahap, seperti pemandangan yang indah.&#13;
&#13;
&#13;
&#13;
Kita akan menyingkirkan ketidaktahuan, ketidakpedulian, ketakutan, keraguan, dan perasaan seperti &quot;Saya Tidak Bisa&quot;. Kemudian, kita akan menggantinya dengan pemahaman, keberanian, rasa percaya diri, dan perasaan seperti &quot;Saya Bisa; Saya Akan; Saya Berani; dan Saya Pasti Bisa!&quot;</subfield>
  </datafield>
  <datafield tag="740" ind1=" " ind2=" ">
   <subfield code="a">practical mind reading</subfield>
  </datafield>
  <datafield tag="264" ind1=" " ind2=" ">
   <subfield code="a">Yogyakarta :</subfield>
   <subfield code="b">Psikologi Corner,</subfield>
   <subfield code="c">2023</subfield>
  </datafield>
  <datafield tag="336" ind1=" " ind2=" ">
   <subfield code="2">rdacontent</subfield>
   <subfield code="a">teks</subfield>
  </datafield>
  <datafield tag="337" ind1=" " ind2=" ">
   <subfield code="2">rdamedia</subfield>
   <subfield code="a">tanpa perantara</subfield>
  </datafield>
  <datafield tag="338" ind1=" " ind2=" ">
   <subfield code="2">rdacarrier</subfield>
   <subfield code="a">volume</subfield>
  </datafield>
  <datafield tag="990" ind1=" " ind2=" ">
   <subfield code="a">51868.64688</subfield>
  </datafield>
 </record>
</collection>
